000 00358nam a2200109Ia 4500
008 160909s9999 xx 000 0 und d
100 _aKelly, Sonja E.
245 _aWhy financial inclusion policy and regulation?
260 _bAmerican University.
_c2016
650 _aFINANCIAL MANAGEMENT
856 _uhttp://pqdtopen.proquest.com/doc/1786926425.html?FMT=ABS
999 _c304563
_d304563